[Event "CYCC U14 w"]
[Site "Vancouver CAN"]
[Date "2012.07.03"]
[Round "1"]
[White "Pobereshnikova, Agniya"]
[Black "Giblon, Melissa"]
[Result "1/2-1/2"]
[WhiteElo "1062"]
[BlackElo "1513"]
[PlyCount "36"]
[GameId "2160767909508926"]
[EventDate "2012.07.03"]
[EventType "tourn"]
[EventRounds "8"]
[EventCountry "CAN"]
[SourceTitle "EXT 2022"]
[Source "ChessBase"]
[SourceDate "2021.10.06"]
[SourceVersion "1"]
[SourceVersionDate "2021.10.06"]
[SourceQuality "1"]

1. e4 c5 2. c3 d5 3. exd5 Qxd5 4. d4 Nf6 5. Nf3 Bg4 6. Be2 e6 7. Na3 a6 8. Nc2 Nc6 9. O-O Be7 10. Be3 cxd4 11. Ncxd4 Nxd4 12. Qxd4 O-O 13. c4 Qxd4 14. Bxd4 Rfd8 15. Rad1 Rac8 16. b3 h6 17. Bb6 Rxd1 18. Rxd1 Kf8 1/2-1/2

[Event "CYCC U14 w"]
[Site "Vancouver CAN"]
[Date "2012.07.03"]
[Round "1"]
[White "Tao, Rachel"]
[Black "Bui, Keira"]
[Result "1-0"]
[WhiteElo "1305"]
[BlackElo "959"]
[PlyCount "53"]
[GameId "2160767909508927"]
[EventDate "2012.07.03"]
[EventType "tourn"]
[EventRounds "8"]
[EventCountry "CAN"]
[SourceTitle "EXT 2022"]
[Source "ChessBase"]
[SourceDate "2021.10.06"]
[SourceVersion "1"]
[SourceVersionDate "2021.10.06"]
[SourceQuality "1"]

1. e4 e6 2. d4 g6 3. Nf3 h6 4. Be2 b6 5. O-O Bg7 6. Nc3 Bb7 7. Re1 a5 8. d5 a4 9. Rb1 a3 10. Qd2 c6 11. bxa3 h5 12. Bb2 Rh7 13. Qf4 Bh6 14. Qg3 Bg7 15. Rbd1 cxd5 16. exd5 h4 17. Qg4 Nh6 18. Qc4 Nf5 19. dxe6 fxe6 20. Qg4 Ne7 21. Ng5 Rh6 22. Nxe6 Qc8 23. Nxg7+ Kd8 24. Bb5 Nec6 25. Qg5+ Kc7 26. Qf4+ Kd8 27. Re8# 1-0

[Event "CYCC U14 w"]
[Site "Vancouver CAN"]
[Date "2012.07.03"]
[Round "2"]
[White "Burgert, Elise"]
[Black "Pobereshnikova, Agniya"]
[Result "0-1"]
[WhiteElo "756"]
[BlackElo "1052"]
[PlyCount "82"]
[GameId "2160767909508928"]
[EventDate "2012.07.03"]
[EventType "tourn"]
[EventRounds "8"]
[EventCountry "CAN"]
[SourceTitle "hb 2012"]

1. e4 c5 2. Nc3 d6 3. Nf3 g6 4. d4 cxd4 5. Nxd4 Bg7 6. Be3 Nf6 7. Bb5+ Bd7 8. Bxd7+ Nbxd7 9. Bf4 e5 10. Bxe5 dxe5 11. Nf3 O-O 12. O-O Rc8 13. Re1 Qb6 14. h3 Qxb2 15. Nd5 Nxd5 16. Qxd5 Rfd8 17. Qb3 Qxb3 18. cxb3 Rc2 19. Rab1 Rxa2 20. Red1 Bf6 21. Rd5 Re2 22. Nxe5 Nxe5 23. Rxd8+ Bxd8 24. Rd1 Bb6 25. Kf1 Rxf2+ 26. Ke1 Rxg2 27. Kf1 Rg1+ 28. Ke2 Rxd1 29. Kxd1 a5 30. Kd2 Bd4 31. h4 Nc6 32. Kd3 b5 33. h5 a4 34. bxa4 bxa4 35. hxg6 a3 36. gxf7+ Kxf7 37. Kc2 a2 38. e5 a1=Q 39. e6+ Kxe6 40. Kd3 Qc3+ 41. Ke4 Qe3# 0-1

[Event "CYCC U14 w"]
[Site "Vancouver CAN"]
[Date "2012.07.03"]
[Round "2"]
[White "Giblon, Melissa"]
[Black "Tao, Rachel"]
[Result "1-0"]
[WhiteElo "1513"]
[BlackElo "1305"]
[PlyCount "121"]
[GameId "2160767909508929"]
[EventDate "2012.07.03"]
[EventType "tourn"]
[EventRounds "8"]
[EventCountry "CAN"]
[SourceTitle "EXT 2022"]
[Source "ChessBase"]
[SourceDate "2021.10.06"]
[SourceVersion "1"]
[SourceVersionDate "2021.10.06"]
[SourceQuality "1"]

1. c4 e6 2. g3 d5 3. Bg2 c6 4. Qc2 f5 5. Nf3 Bd6 6. O-O Nf6 7. d3 Nbd7 8. Nc3 O-O 9. cxd5 exd5 10. e4 Ne5 11. Be3 h6 12. Rad1 Be6 13. Nd4 Qd7 14. Nxe6 Qxe6 15. d4 Nc4 16. e5 Bc7 17. exf6 Rxf6 18. Rfe1 Qf7 19. Ne2 Re8 20. Bf4 g5 21. Bxc7 Qxc7 22. Nc3 Rd8 23. b3 Nb6 24. Re5 Qf7 25. Rde1 Nc8 26. Bh3 g4 27. Bg2 f4 28. gxf4 Rxf4 29. Re6 Kg7 30. Qd2 Rf6 31. Rxf6 Qxf6 32. Qe3 Kf7 33. Qe5 Qh4 34. Qc7+ Kf8 35. Qxb7 g3 36. Qb4+ Nd6 37. fxg3 Qg4 38. Rf1+ Kg7 39. Nd1 Qe2 40. a3 Qe6 41. Qc5 Rd7 42. a4 Rc7 43. h3 Qg6 44. Kh2 Nf5 45. g4 Qd6+ 46. Qxd6 Nxd6 47. Ne3 Kg6 48. Rc1 Ne8 49. Rc5 Kf7 50. Kg3 Ke7 51. Nf5+ Kd7 52. Nxh6 Ke6 53. g5 Rg7 54. h4 Kd7 55. Bh3+ Kc7 56. Nf5 Rg6 57. Ne7 Rd6 58. h5 Kd8 59. Nxc6+ Rxc6 60. Rxc6 Ke7 61. g6 1-0

[Event "CYCC U14 w"]
[Site "Vancouver CAN"]
[Date "2012.07.03"]
[Round "3"]
[White "Bui, Keira"]
[Black "Giblon, Melissa"]
[Result "0-1"]
[WhiteElo "959"]
[BlackElo "1513"]
[PlyCount "54"]
[GameId "2160767909508930"]
[EventDate "2012.07.03"]
[EventType "tourn"]
[EventRounds "8"]
[EventCountry "CAN"]
[SourceTitle "EXT 2022"]
[Source "ChessBase"]
[SourceDate "2021.10.06"]
[SourceVersion "1"]
[SourceVersionDate "2021.10.06"]
[SourceQuality "1"]

1. e3 Nf6 2. g3 g6 3. b3 Bg7 4. Bb2 O-O 5. Bg2 d5 6. h3 c5 7. a3 Nc6 8. b4 cxb4 9. axb4 Nxb4 10. Ba3 Nc6 11. c3 b5 12. d3 Rb8 13. Ne2 a5 14. c4 bxc4 15. dxc4 Nb4 16. g4 dxc4 17. Nd2 Nd7 18. Rc1 Nd3+ 19. Kf1 Nxc1 20. Qxc1 Ba6 21. Ke1 Ne5 22. Nf4 g5 23. Bf1 gxf4 24. exf4 Nd3+ 25. Bxd3 Qxd3 26. f5 c3 27. Nf1 Qe2# 0-1

[Event "CYCC U14 w"]
[Site "Vancouver CAN"]
[Date "2012.07.04"]
[Round "3"]
[White "Giblon, Melissa"]
[Black "Burgert, Elise"]
[Result "1-0"]
[WhiteElo "1513"]
[BlackElo "756"]
[PlyCount "91"]
[GameId "2160767909508931"]
[EventDate "2012.07.03"]
[EventType "tourn"]
[EventRounds "8"]
[EventCountry "CAN"]
[SourceTitle "EXT 2022"]
[Source "ChessBase"]
[SourceDate "2021.10.06"]
[SourceVersion "1"]
[SourceVersionDate "2021.10.06"]
[SourceQuality "1"]

1. c4 e5 2. Nc3 Nc6 3. g3 Nf6 4. Bg2 d6 5. e3 Bg4 6. Nge2 Nb4 7. d4 Qd7 8. Bxb7 Rb8 9. Bg2 Qf5 10. O-O Bf3 11. a3 Nc6 12. h3 Ne4 13. Bxf3 Qxf3 14. Nxe4 Qxe4 15. Nc3 Qf5 16. Qa4 Rb6 17. Nd5 Qd7 18. Nxb6 cxb6 19. d5 Nb8 20. Qxd7+ Nxd7 21. b4 g6 22. Bb2 Bg7 23. f4 O-O 24. Rae1 Nf6 25. fxe5 dxe5 26. Bxe5 Nh5 27. Bxg7 Kxg7 28. Kg2 Rc8 29. Rc1 Re8 30. Rf3 a5 31. bxa5 bxa5 32. c5 Nf6 33. d6 Rc8 34. c6 Rd8 35. c7 Rc8 36. Rxf6 Kxf6 37. d7 Ra8 38. d8=Q+ Rxd8 39. cxd8=Q+ Kg7 40. Qxa5 f5 41. Rc6 Kh6 42. Qxf5 Kg7 43. Qg5 Kf7 44. Qh6 Kg8 45. Rc7 Kh8 46. Qxh7# 1-0

[Event "CYCC U14 w"]
[Site "Vancouver CAN"]
[Date "2012.07.04"]
[Round "3"]
[White "Tao, Rachel"]
[Black "Burgert, Elise"]
[Result "1-0"]
[WhiteElo "1305"]
[BlackElo "756"]
[PlyCount "45"]
[GameId "2160767909508932"]
[EventDate "2012.07.03"]
[EventType "tourn"]
[EventRounds "8"]
[EventCountry "CAN"]
[SourceTitle "EXT 2022"]
[Source "ChessBase"]
[SourceDate "2021.10.06"]
[SourceVersion "1"]
[SourceVersionDate "2021.10.06"]
[SourceQuality "1"]

1. e4 e5 2. Bc4 Nf6 3. d3 Nc6 4. c3 d5 5. exd5 Nxd5 6. Qf3 Be6 7. Nd2 Bc5 8. Ne4 b6 9. Qg3 g6 10. Nf3 f5 11. Bg5 Qd7 12. Nf6+ Nxf6 13. Bxf6 Rf8 14. Bxe5 Nxe5 15. Qxe5 Ke7 16. O-O Rae8 17. Ng5 Rf6 18. Rfe1 Bd6 19. Qe2 h6 20. Nxe6 Rxe6 21. Bxe6 Qxe6 22. Qxe6+ Kf8 23. Qxe8+ 1-0

[Event "CYCC U14 w"]
[Site "Vancouver CAN"]
[Date "2012.07.04"]
[Round "4"]
[White "Bui, Keira"]
[Black "Tao, Rachel"]
[Result "0-1"]
[WhiteElo "959"]
[BlackElo "1305"]
[PlyCount "82"]
[GameId "2160767909508933"]
[EventDate "2012.07.03"]
[EventType "tourn"]
[EventRounds "8"]
[EventCountry "CAN"]
[SourceTitle "EXT 2022"]
[Source "ChessBase"]
[SourceDate "2021.10.06"]
[SourceVersion "1"]
[SourceVersionDate "2021.10.06"]
[SourceQuality "1"]

1. e3 e5 2. g3 d5 3. b3 Nf6 4. f3 Nc6 5. Bb2 Bc5 6. Bg2 Be6 7. Bc3 O-O 8. a3 d4 9. Bb2 a6 10. b4 Ba7 11. exd4 exd4 12. Bf1 Re8 13. Ne2 Bd5 14. d3 Bxf3 15. Rg1 Re6 16. Bh3 Rxe2+ 17. Qxe2 Bxe2 18. Kxe2 Qe7+ 19. Kd2 Qe3+ 20. Kd1 Qxg1+ 21. Kd2 Qxh2+ 22. Kd1 Qxh3 23. c3 Re8 24. Nd2 dxc3 25. Bxc3 Bd4 26. Rc1 Bxc3 27. Rxc3 Qh1+ 28. Kc2 Nd4+ 29. Kb2 Re2 30. Rxc7 Rxd2+ 31. Kc3 Qc1+ 32. Kxd4 Qxc7 33. Ke3 Qc3 34. a4 Qxd3+ 35. Kf4 Rf2+ 36. Ke5 Re2+ 37. Kf4 Qe3+ 38. Kf5 Qxg3 39. b5 Qf3+ 40. Kg5 Rg2+ 41. Kh4 Qg4# 0-1

[Event "CYCC U14 w"]
[Site "Vancouver CAN"]
[Date "2012.07.04"]
[Round "4"]
[White "Giblon, Melissa"]
[Black "Pobereshnikova, Agniya"]
[Result "1/2-1/2"]
[WhiteElo "1513"]
[BlackElo "1062"]
[PlyCount "40"]
[GameId "2160767909508934"]
[EventDate "2012.07.03"]
[EventType "tourn"]
[EventRounds "8"]
[EventCountry "CAN"]
[SourceTitle "EXT 2022"]
[Source "ChessBase"]
[SourceDate "2021.10.06"]
[SourceVersion "1"]
[SourceVersionDate "2021.10.06"]
[SourceQuality "1"]

1. c4 e5 2. Nc3 Nf6 3. g3 c6 4. Bg2 d5 5. cxd5 cxd5 6. Nf3 Nc6 7. d4 e4 8. Ne5 Bb4 9. Nxc6 bxc6 10. O-O Be6 11. Bg5 O-O 12. Qa4 Bxc3 13. bxc3 Bd7 14. Qc2 h6 15. Bd2 Qc8 16. c4 Bg4 17. Bb4 Re8 18. cxd5 cxd5 19. Rac1 Qxc2 20. Rxc2 Rec8 1/2-1/2

[Event "CYCC U14 w"]
[Site "Vancouver CAN"]
[Date "2012.07.04"]
[Round "4"]
[White "Pobereshnikova, Agniya"]
[Black "Bui, Keira"]
[Result "1-0"]
[WhiteElo "1062"]
[BlackElo "959"]
[PlyCount "59"]
[GameId "2160767909508935"]
[EventDate "2012.07.03"]
[EventType "tourn"]
[EventRounds "8"]
[EventCountry "CAN"]
[SourceTitle "EXT 2022"]
[Source "ChessBase"]
[SourceDate "2021.10.06"]
[SourceVersion "1"]
[SourceVersionDate "2021.10.06"]
[SourceQuality "1"]

1. e4 e6 2. d4 b6 3. Nf3 h6 4. Bd3 g6 5. O-O Bg7 6. Nc3 Bb7 7. Bf4 Na6 8. a3 g5 9. Be3 b5 10. Bxb5 c6 11. Bd3 Nf6 12. Qe2 Qc8 13. Rfe1 Rg8 14. e5 g4 15. Nd2 Nd5 16. Nxd5 cxd5 17. Qxg4 Nb8 18. Bh7 h5 19. Qg5 Kf8 20. Bxg8 Kxg8 21. c3 Nc6 22. Qxh5 Ne7 23. Bh6 Bxh6 24. Qxh6 Nf5 25. Qg5+ Kf8 26. g4 Ne7 27. Re3 Qc6 28. Rh3 d6 29. Rh8+ Ng8 30. Rxg8# 1-0

[Event "CYCC U14 w"]
[Site "Vancouver CAN"]
[Date "2012.07.04"]
[Round "5"]
[White "Burgert, Elise"]
[Black "Bui, Keira"]
[Result "0-1"]
[WhiteElo "756"]
[BlackElo "959"]
[PlyCount "110"]
[GameId "2160767909508936"]
[EventDate "2012.07.03"]
[EventType "tourn"]
[EventRounds "8"]
[EventCountry "CAN"]
[SourceTitle "EXT 2022"]
[Source "ChessBase"]
[SourceDate "2021.10.06"]
[SourceVersion "1"]
[SourceVersionDate "2021.10.06"]
[SourceQuality "1"]

1. e4 e6 2. Nc3 b6 3. d4 g6 4. Nf3 f6 5. Bf4 a5 6. e5 Bg7 7. Bb5 g5 8. exf6 Bxf6 9. Be5 g4 10. Nd2 h5 11. Qe2 Qe7 12. Qe3 Bb7 13. Rg1 Ba6 14. Bxc7 Bxb5 15. Nxb5 d5 16. O-O-O Nh6 17. Nd6+ Kd7 18. Nb5 Nf7 19. Bxb8 Raxb8 20. Qa3 e5 21. Qxe7+ Bxe7 22. c3 Bf6 23. h3 Rhg8 24. f3 Nd6 25. Nxd6 Kxd6 26. hxg4 hxg4 27. fxg4 Rxg4 28. Rde1 exd4 29. Rgf1 Bh4 30. Re2 Rc8 31. Kc2 Rg3 32. Rf3 Rg4 33. Kd3 dxc3 34. bxc3 Bg5 35. c4 dxc4+ 36. Kc2 b5 37. Ne4+ Kc7 38. Nxg5 Rxg5 39. Rf7+ Kb6 40. Ref2 a4 41. Kc3 Ka5 42. R2f6 Rg3+ 43. Rf3 Rg4 44. R3f6 b4+ 45. Kd2 Rd8+ 46. Ke1 Re4+ 47. Kf2 b3 48. Rf5+ Kb4 49. Rb7+ Ka3 50. Rf3 Rd2+ 51. Kg3 Kxa2 52. Rb6 b2 53. Rxb2+ Rxb2 54. Kh3 Rb3 55. Rxb3 axb3 0-1

[Event "CYCC U14 w"]
[Site "Vancouver CAN"]
[Date "2012.07.04"]
[Round "5"]
[White "Tao, Rachel"]
[Black "Giblon, Melissa"]
[Result "1-0"]
[WhiteElo "1305"]
[BlackElo "1513"]
[PlyCount "189"]
[GameId "2160767909508937"]
[EventDate "2012.07.03"]
[EventType "tourn"]
[EventRounds "8"]
[EventCountry "CAN"]
[SourceTitle "EXT 2022"]
[Source "ChessBase"]
[SourceDate "2021.10.06"]
[SourceVersion "1"]
[SourceVersionDate "2021.10.06"]
[SourceQuality "1"]

1. e4 c5 2. Nf3 d6 3. d4 cxd4 4. Nxd4 Nf6 5. Nc3 Nc6 6. f3 e6 7. Be3 Be7 8. Qd2 O-O 9. O-O-O a6 10. g4 Nxd4 11. Bxd4 b5 12. h4 Nd7 13. h5 Ne5 14. Qf2 Qc7 15. Bxe5 dxe5 16. Kb1 Bb7 17. Qg3 Bg5 18. Bd3 b4 19. Na4 Qa5 20. b3 Qc7 21. h6 g6 22. Nb2 a5 23. Bb5 Rfc8 24. Nc4 Bf4 25. Qf2 Qc5 26. Qxc5 Rxc5 27. Nb6 Rf8 28. Nd7 Rxb5 29. Nxf8 Kxf8 30. Rd8+ Ke7 31. Rh8 Rc5 32. Rxh7 Kf6 33. Rh8 Bxh6 34. R8xh6 Kg5 35. Rh7 Kf6 36. Rg1 Ba6 37. g5+ Ke7 38. Rg2 Bb5 39. Rgh2 Rc3 40. R2h6 Ke8 41. Rh8+ Ke7 42. Ra8 a4 43. bxa4 Ra3 44. Ra7+ Bd7 45. a5 Kd6 46. Rh7 Rxf3 47. Rh1 Bc6 48. Rd1+ Kc5 49. Rc7 Kb5 50. Re1 Rg3 51. Rxf7 Rxg5 52. Re7 Kxa5 53. Rxe6 Bb7 54. Re7 Bc8 55. Rd1 Kb6 56. Rd6+ Kb5 57. Rd5+ Kb6 58. Rexe5 Rxe5 59. Rxe5 Kc7 60. Rg5 Kd6 61. Rxg6+ Ke5 62. Rb6 Kxe4 63. Rxb4+ Kd5 64. c4+ Kc5 65. a3 Ba6 66. Kc2 Bxc4 67. Kc3 Ba6 68. a4 Bf1 69. a5 Bb5 70. Rb2 Kc6 71. Kd4 Bf1 72. Rb6+ Kc7 73. Kc5 Bg2 74. a6 Ba8 75. a7 Bb7 76. Rh6 Ba8 77. Rh7+ Kc8 78. Kb6 Bg2 79. Rh8+ Kd7 80. a8=Q Bxa8 81. Rxa8 Ke6 82. Ra5 Kd7 83. Rc5 Kd6 84. Kb5 Ke6 85. Kc6 Ke7 86. Rd5 Kf6 87. Kd6 Kf7 88. Re5 Kf6 89. Kd5 Kf7 90. Re6 Kg7 91. Ke5 Kf7 92. Kf5 Kg7 93. Rf6 Kg8 94. Kg6 Kh8 95. Rf8# 1-0

[Event "CYCC U14 w"]
[Site "Vancouver CAN"]
[Date "2012.07.04"]
[Round "5"]
[White "Tao, Rachel"]
[Black "Pobereshnikova, Agniya"]
[Result "0-1"]
[WhiteElo "1305"]
[BlackElo "1062"]
[PlyCount "128"]
[GameId "2160767909508938"]
[EventDate "2012.07.03"]
[EventType "tourn"]
[EventRounds "8"]
[EventCountry "CAN"]
[SourceTitle "EXT 2022"]
[Source "ChessBase"]
[SourceDate "2021.10.06"]
[SourceVersion "1"]
[SourceVersionDate "2021.10.06"]
[SourceQuality "1"]

1. e4 c5 2. Nf3 d6 3. d4 cxd4 4. Nxd4 Nf6 5. Nc3 g6 6. Be3 Bg7 7. f3 Nc6 8. Qd2 Bd7 9. O-O-O O-O 10. h4 h5 11. Be2 Rc8 12. Rdg1 Ne5 13. Bh6 Nc4 14. Bxc4 Rxc4 15. Bxg7 Kxg7 16. Qd3 Rc5 17. Nb3 Rc6 18. Qe2 Qc7 19. Kd2 b5 20. Nd4 Rc5 21. g4 e5 22. Nb3 Rc4 23. a3 a5 24. Na1 b4 25. axb4 axb4 26. Nd5 Nxd5 27. exd5 Rd4+ 28. Ke1 Rh8 29. gxh5 Rxh5 30. Qf2 Rxd5 31. Rg5 Qc5 32. Qxc5 Rxc5 33. Rxh5 gxh5 34. Rg1+ Kh6 35. Kd2 Bc6 36. Ke3 Rc4 37. Rh1 Kg6 38. Rh2 f5 39. Nb3 Rf4 40. Rh3 Kf6 41. Na5 Bd5 42. b3 Ke6 43. Ke2 Kd7 44. Ke3 Kc7 45. Ke2 Kb6 46. Nc4+ Bxc4+ 47. bxc4 Rxc4 48. Kd3 Kb5 49. Rh1 Rf4 50. Ke3 Kc4 51. Rh2 Kc3 52. Rd2 Rd4 53. Rxd4 exd4+ 54. Kf4 Kxc2 55. Kxf5 b3 56. f4 b2 57. Kg5 b1=Q 58. f5 Qg1+ 59. Kxh5 Kd3 60. f6 Ke4 61. f7 Qg7 62. f8=Q Qxf8 63. Kg4 Qg8+ 64. Kh3 Kf3 0-1

[Event "CYCC U14 w"]
[Site "Vancouver CAN"]
[Date "2012.07.05"]
[Round "6"]
[White "Burgert, Elise"]
[Black "Tao, Rachel"]
[Result "0-1"]
[WhiteElo "756"]
[BlackElo "1305"]
[PlyCount "32"]
[GameId "2160767909508939"]
[EventDate "2012.07.03"]
[EventType "tourn"]
[EventRounds "8"]
[EventCountry "CAN"]
[SourceTitle "EXT 2022"]
[Source "ChessBase"]
[SourceDate "2021.10.06"]
[SourceVersion "1"]
[SourceVersionDate "2021.10.06"]
[SourceQuality "1"]

1. e4 e6 2. Nc3 d5 3. d4 Nf6 4. f3 c5 5. a3 Nc6 6. dxc5 Bxc5 7. exd5 exd5 8. b4 Bb6 9. Bb5 O-O 10. Bxc6 bxc6 11. Bg5 Re8+ 12. Nge2 Ba6 13. Bxf6 Qxf6 14. Qd2 Re3 15. O-O-O Bxe2 16. Nxe2 Qa1# 0-1

[Event "CYCC U14 w"]
[Site "Vancouver CAN"]
[Date "2012.07.05"]
[Round "7"]
[White "Bui, Keira"]
[Black "Pobereshnikova, Agniya"]
[Result "0-1"]
[WhiteElo "959"]
[BlackElo "1062"]
[PlyCount "110"]
[GameId "2160767909508940"]
[EventDate "2012.07.03"]
[EventType "tourn"]
[EventRounds "8"]
[EventCountry "CAN"]
[SourceTitle "EXT 2022"]
[Source "ChessBase"]
[SourceDate "2021.10.06"]
[SourceVersion "1"]
[SourceVersionDate "2021.10.06"]
[SourceQuality "1"]

1. e3 e5 2. Qh5 Nc6 3. Bc4 d5 4. Bf1 Nf6 5. Qd1 Bf5 6. Nf3 Bd6 7. g3 O-O 8. b3 Qd7 9. Nc3 Rfe8 10. Bg2 Bg4 11. Bb2 e4 12. Nb5 exf3 13. Bxf3 Bxf3 14. Qxf3 Be5 15. Bxe5 Nxe5 16. Qe2 a6 17. f4 Nc6 18. Nc3 Nd4 19. Qd1 Ne4 20. Nxe4 Rxe4 21. g4 Qc6 22. c3 Nb5 23. Rc1 Rd8 24. h4 Ree8 25. g5 d4 26. cxd4 Qxh1+ 27. Ke2 Qxd1+ 28. Kxd1 Rd7 29. a4 Nd6 30. Ke2 Ne4 31. Rg1 Rd6 32. h5 Rb6 33. Rc1 Ng3+ 34. Kf2 Nxh5 35. Rxc7 Rxb3 36. f5 g6 37. fxg6 hxg6 38. a5 Rb5 39. Ke2 Rxg5 40. Rxb7 Rxa5 41. Rc7 Ra1 42. Kf2 a5 43. Ke2 a4 44. Kd3 Rb8 45. Kc2 a3 46. d3 a2 47. Kd2 Rab1 48. Rc1 Rxc1 49. Kxc1 a1=Q+ 50. Kd2 Rb2+ 51. Kc3 Rb5+ 52. Kc4 Qa4+ 53. Kc3 Rb3+ 54. Kc2 Qa2+ 55. Kc1 Rb1# 0-1

[Event "CYCC U14 w"]
[Site "Vancouver CAN"]
[Date "2012.07.05"]
[Round "7"]
[White "Burgert, Elise"]
[Black "Giblon, Melissa"]
[Result "0-1"]
[WhiteElo "756"]
[BlackElo "1513"]
[PlyCount "66"]
[GameId "2160767909508941"]
[EventDate "2012.07.03"]
[EventType "tourn"]
[EventRounds "8"]
[EventCountry "CAN"]
[SourceTitle "EXT 2022"]
[Source "ChessBase"]
[SourceDate "2021.10.06"]
[SourceVersion "1"]
[SourceVersionDate "2021.10.06"]
[SourceQuality "1"]

1. e4 c5 2. Nc3 Nc6 3. Nf3 d6 4. d4 cxd4 5. Nxd4 Nf6 6. f3 e6 7. Nxc6 bxc6 8. Bg5 Be7 9. h4 O-O 10. Bd3 Rb8 11. b3 Qa5 12. Qd2 Rd8 13. O-O-O Qa3+ 14. Kb1 a5 15. Qc1 Qb4 16. Qb2 Bd7 17. Rh3 c5 18. Rg3 a4 19. Bh6 g6 20. Ne2 axb3 21. cxb3 Nh5 22. Nf4 Bf6 23. Qc2 Nxg3 24. Bg5 Bxg5 25. hxg5 Bb5 26. Bxb5 Qxb5 27. Nd3 c4 28. Ne1 cxb3 29. axb3 Rdc8 30. Qb2 Qxb3 31. Qxb3 Rxb3+ 32. Ka2 Rb7 33. Rb1 Ra8# 0-1

[Event "CYCC U14 w"]
[Site "Vancouver CAN"]
[Date "2012.07.06"]
[Round "8"]
[White "Giblon, Melissa"]
[Black "Bui, Keira"]
[Result "1-0"]
[WhiteElo "1513"]
[BlackElo "959"]
[PlyCount "89"]
[GameId "2160767909508942"]
[EventDate "2012.07.03"]
[EventType "tourn"]
[EventRounds "8"]
[EventCountry "CAN"]
[SourceTitle "EXT 2022"]
[Source "ChessBase"]
[SourceDate "2021.10.06"]
[SourceVersion "1"]
[SourceVersionDate "2021.10.06"]
[SourceQuality "1"]

1. c4 e6 2. g3 g6 3. Bg2 Nc6 4. Nc3 b6 5. e3 Bb7 6. Nge2 Bg7 7. O-O Nf6 8. d4 Rb8 9. b3 Rg8 10. a3 Na5 11. e4 a6 12. Rb1 Bf8 13. Qd3 Bc6 14. b4 Nb7 15. b5 axb5 16. cxb5 Bxb5 17. Nxb5 Nd6 18. Nxd6+ Bxd6 19. e5 Ng4 20. exd6 cxd6 21. h3 Nh6 22. Bxh6 g5 23. Qxh7 Rg6 24. Be4 Rxh6 25. Qxh6 d5 26. Bf3 d6 27. Qh8+ Ke7 28. Qxd8+ Kxd8 29. Rfc1 e5 30. dxe5 dxe5 31. Bxd5 Rc8 32. Rxc8+ Kxc8 33. Rxb6 Kc7 34. Rb1 f5 35. a4 Kd6 36. Bg2 f4 37. gxf4 exf4 38. a5 Kc5 39. a6 Kc4 40. a7 Kd3 41. a8=Q Kxe2 42. Qf3+ Kd2 43. Rb2+ Kc1 44. Qc3+ Kd1 45. Qd2# 1-0

[Event "CYCC U14 w"]
[Site "Vancouver CAN"]
[Date "2012.07.06"]
[Round "9"]
[White "Bui, Keira"]
[Black "Burgert, Elise"]
[Result "1-0"]
[WhiteElo "959"]
[BlackElo "756"]
[PlyCount "91"]
[GameId "2160767909508943"]
[EventDate "2012.07.03"]
[EventType "tourn"]
[EventRounds "8"]
[EventCountry "CAN"]
[SourceTitle "EXT 2022"]
[Source "ChessBase"]
[SourceDate "2021.10.06"]
[SourceVersion "1"]
[SourceVersionDate "2021.10.06"]
[SourceQuality "1"]

1. e3 e5 2. Qh5 Nf6 3. Qxe5+ Qe7 4. Qxe7+ Bxe7 5. b3 d5 6. g3 Ne4 7. Bg2 Bf6 8. c3 O-O 9. Ba3 c5 10. Bb2 d4 11. Bxe4 dxc3 12. Bxc3 Re8 13. Bg2 a6 14. Bxf6 gxf6 15. a3 Ra7 16. Nf3 Bg4 17. b4 b6 18. h3 Bf5 19. Nh4 Bxb1 20. Rxb1 Rae7 21. Nf5 Re5 22. Nh6+ Kf8 23. Ng4 Rg5 24. Nxf6 Rd8 25. Nxh7+ Kg7 26. Nxg5 Re8 27. bxc5 bxc5 28. Rb6 Nd7 29. Rxa6 Rb8 30. Ke2 Rb6 31. Rxb6 Nxb6 32. Rb1 Nc4 33. f4 Nxa3 34. Rb6 c4 35. Bd5 f6 36. Ne6+ Kf7 37. Nd4+ Ke7 38. h4 Nb1 39. Rxb1 c3 40. h5 c2 41. Nxc2 f5 42. h6 Kd6 43. h7 Kc5 44. h8=Q Kd6 45. Qe5+ Kc5 46. d4# 1-0

[Event "CYCC U14 w"]
[Site "Vancouver CAN"]
[Date "2012.07.06"]
[Round "9"]
[White "Pobereshnikova, Agniya"]
[Black "Tao, Rachel"]
[Result "1/2-1/2"]
[WhiteElo "1062"]
[BlackElo "1305"]
[PlyCount "93"]
[GameId "2160767909508944"]
[EventDate "2012.07.03"]
[EventType "tourn"]
[EventRounds "8"]
[EventCountry "CAN"]
[SourceTitle "EXT 2022"]
[Source "ChessBase"]
[SourceDate "2021.10.06"]
[SourceVersion "1"]
[SourceVersionDate "2021.10.06"]
[SourceQuality "1"]

1. e4 e6 2. d4 d5 3. e5 c5 4. c3 Nc6 5. Nf3 Qb6 6. a3 Nge7 7. Be2 Nf5 8. O-O cxd4 9. cxd4 Nfxd4 10. Nxd4 Nxd4 11. Be3 Nxe2+ 12. Qxe2 Qc7 13. f4 Be7 14. Nc3 O-O 15. Rac1 Qd7 16. Rfd1 f6 17. Bd4 fxe5 18. Bxe5 Bc5+ 19. Kh1 Bd6 20. Ne4 Bxe5 21. fxe5 Qe7 22. Nd6 a6 23. Rd3 b5 24. Rdc3 Bb7 25. Rc7 Qg5 26. Nxb7 Ra7 27. Qe1 d4 28. Na5 Rxc7 29. Rxc7 Qxe5 30. Rc1 Qd5 31. h3 d3 32. Rd1 e5 33. Qc3 e4 34. Qb3 Qxb3 35. Nxb3 e3 36. Kg1 e2 37. Re1 Rf6 38. Nd2 Kf7 39. Ne4 Rf4 40. Nd2 Ke6 41. g3 Rf8 42. Ne4 Ke5 43. Nc3 Rf1+ 44. Rxf1 exf1=Q+ 45. Kxf1 Kd4 46. Kf2 h6 47. Kf3 1/2-1/2

[Event "CYCC U16"]
[Site "Vancouver CAN"]
[Date "2012.07.03"]
[Round "1"]
[White "Burgert, Conrad"]
[Black "Semianiuk, Konstantin"]
[Result "0-1"]
[WhiteElo "1250"]
[BlackElo "2207"]
[PlyCount "32"]
[GameId "2160767909508945"]
[EventDate "2012.07.03"]
[EventType "swiss"]
[EventRounds "7"]
[EventCountry "CAN"]
[SourceTitle "hb 2012"]

1. d4 d5 2. c4 c6 3. Nf3 Nf6 4. Nc3 a6 5. a3 dxc4 6. e4 b5 7. a4 Bb7 8. Ne5 e6 9. Bg5 Be7 10. g3 c5 11. d5 exd5 12. exd5 b4 13. Bxc4 bxc3 14. d6 O-O 15. Bxf6 Bxf6 16. Nxf7 Qe8+ 0-1

[Event "CYCC U16"]
[Site "Vancouver CAN"]
[Date "2012.07.03"]
[Round "1"]
[White "Florea, Alexandru"]
[Black "Zheng, Kyle"]
[Result "1-0"]
[WhiteElo "2033"]
[BlackElo "1229"]
[PlyCount "113"]
[GameId "2160767909508946"]
[EventDate "2012.07.03"]
[EventType "swiss"]
[EventRounds "7"]
[EventCountry "CAN"]
[SourceTitle "hb 2012"]

1. e4 e5 2. Nf3 Nc6 3. Bc4 Bc5 4. c3 Nf6 5. b4 Bb6 6. d3 d6 7. h3 O-O 8. Bg5 h6 9. Bh4 Be6 10. Nbd2 Qe7 11. Qe2 a5 12. b5 Nd8 13. O-O a4 14. Rae1 Ba5 15. Rc1 c6 16. d4 Bxc4 17. Qxc4 cxb5 18. Qxb5 Bc7 19. dxe5 dxe5 20. Nc4 g5 21. Bg3 Nxe4 22. Bxe5 Bxe5 23. Nfxe5 Ne6 24. Ng4 h5 25. Nh6+ Kh7 26. Qf5+ Kxh6 27. Qxe4 Qc5 28. Ne3 Ra5 29. c4 Nf4 30. Rc2 Qc6 31. Qe7 Ng6 32. Qb4 Rc5 33. Rd2 Re8 34. Rfd1 Re6 35. Rd7 b6 36. Rxf7 Nf4 37. Qb2 Rce5 38. Rdd7 g4 39. h4 Qe4 40. Nf5+ Kg6 41. Rg7+ Kxf5 42. Rdf7+ Rf6 43. Rg5+ Ke6 44. Rxe5+ Qxe5 45. Re7+ Kxe7 46. Qxe5+ Kf7 47. Qb5 a3 48. Qd7+ Kg6 49. Qe8+ Kf5 50. g3 Ng6 51. Qe3 Ne5 52. Qg5+ Ke6 53. Qxh5 Rg6 54. Qh8 Rf6 55. Qc8+ Kf7 56. Qc7+ Kg6 57. Qxe5 1-0